A sociology of modernity : liberty and discipline

Saved in:
Bibliographic Details
Main Author: Wagner, Peter 1956-
Format: Book
Language:English
Published: London : Routledge, c1998
Subjects:
Tags: Add Tag
No Tags, Be the first to tag this record!

MARC

LEADER 00000nam a2200000 i 4500
001 1/96238
008 991215s1998 eng d
020 |a 0-415-08186-6 
035 |l 10055680 
040 |a GR-MY-UA  |b gre  |e aacr 
041 0 |a eng 
082 0 |a 301.01 
100 1 |a Wagner, Peter  |d 1956- 
245 1 2 |a A sociology of modernity :  |b liberty and discipline /  |c Peter Wagner 
260 |a London :   |b Routledge,   |c c1998 
300 |a 267 p. 
504 |a Includes bibliographical references (p. [240]-260) and index 
650 0 0 |a Sociology  |x Philosophy. 
852 |a INST  |b LESVOS  |e 19991215  |h 301.01 WAG  |p 005100022237  |q 005100022237  |t BK  |y 0 
901 |a BIBL1-2000-1 
909 |a Λ  |b 066791 
922 |a 1ΕΛΗ  |b 199907  |c ΚΠΣ/ΤΚ  |d ΠΑΠΑΣΩΤΗΡΙΟΥ 
950 |a 103-1998-07-27 
970 |a ΤΖΑΦΕΡΗ  |b ΕΥΑΓΓΕΛΙΑ  |z 2000/01/17